| 000 | 00494nam a22001817a 4500 | ||
|---|---|---|---|
| 003 | OSt | ||
| 005 | 20260421143910.0 | ||
| 008 | 260421b |||||||| |||| 00| 0 eng d | ||
| 020 | _a9781032551531 | ||
| 040 | _ckul | ||
| 082 | _a579.6 SRI.E | ||
| 245 |
_aEcology of macrofungi _b: an overview / |
||
| 260 |
_aBoca Raton : _bCRC press , _cc2024. |
||
| 300 | _a336 p. | ||
| 700 |
_4Editor _aSridhar R., Khandikere _913543 |
||
| 700 |
_4Editor _aDeshmukh, Sunil Kumar _913542 |
||
| 942 |
_2ddc _cBK |
||
| 999 |
_c758039 _d758039 |
||